Vody pod drobnohľadom

Kompletný prieskum trhu minerálnych a stolových vôd na Slovensku - nesýtené vody, sýtené vody, využívanie PET obalov, ceny. Porovnanie spotreby vôd.

Enregistré dans:
Détails bibliographiques
Format: Chapitre de livre
Langue:slovaque
Sujets:
Tags: Ajouter un tag
Pas de tags, Soyez le premier à ajouter un tag!

MARC

LEADER 00000naa a2200000 4500
001 r046516
005 20231002114445.6
041 0 |a slo 
044 |a SK 
245 1 0 |a Vody pod drobnohľadom 
520 |a Kompletný prieskum trhu minerálnych a stolových vôd na Slovensku - nesýtené vody, sýtené vody, využívanie PET obalov, ceny. Porovnanie spotreby vôd. 
610 2 0 |a prieskum trhu 
610 2 0 |a voda minerálna 
610 2 0 |a nápoje nealkoholické 
610 2 0 |a obaly 
610 2 0 |a spotreba vody 
610 2 0 |a Slovensko